书目信息 |
| 题名: |
艾青谈诗
|
|
| 作者: | 艾青 | |
| 分册: | ||
| 出版信息: | 广州 花城出版社 1984.1 |
|
| 页数: | 269页 | |
| 开本: | 20cm | |
| 丛书名: | ||
| 单 册: | ||
| 中图分类: | I207.25 | |
| 科图分类: | ||
| 主题词: | 新诗--文学研究--中国 | |
| 电子资源: | ||
| ISBN: | ||
| 000 | 00581nam0 2200229 45 | |
| 001 | 0312221749 | |
| 005 | 20050329153742.0 | |
| 010 | @dCNY1.85 | |
| 091 | @a10261.408 | |
| 100 | @a20031222d1984 km y0chiy0120 ea | |
| 101 | @achi | |
| 105 | @a z 000yy | |
| 200 | 1 | @a艾青谈诗@AAi Qing Tan Shi@f艾青@FAi Qing |
| 205 | @a(增订本) | |
| 210 | @a广州@c花城出版社@d1984.1 | |
| 215 | @a269页@d20cm | |
| 300 | @a花城文库 | |
| 606 | 0 | @a新诗@x文学研究@y中国 |
| 690 | @aI207.25@v3 | |
| 701 | 0 | @a艾青 |
| 801 | @aCN@bTSTCL@c20031222 | |
| 905 | @dI207.25@e126-2@f1@f1@b121349@b121345 | |
| 艾青谈诗/艾青.-(增订本).-广州:花城出版社,1984.1 |
| 269页;20cm |
| 花城文库 |
| ISBN :CNY1.85 |
| ● |
| 相关链接 |
|
|
|
|
正题名:艾青谈诗
索取号:I207.25/126-2
 
预约/预借
| 序号 | 登录号 | 条形码 | 馆藏地/架位号 | 状态 | 备注 |
| 1 | 0121345 | 002011940 | 密集书库/ [索取号:I207.25/126-2] | 在馆 | |
| 2 | 0121346 | 000731275 | 密集书库/ [索取号:I207.25/126-2] | 在馆 | |
| 3 | 0121347 | 000731284 | 密集书库/ [索取号:I207.25/126-2] | 在馆 | |
| 4 | 0121348 | 000731266 | 第二借阅区/ [索取号:I207.25/126-2] | 在馆 | |
| 5 | 0121349 | 002010451 | 密集书库/ [索取号:I207.25/126-2] | 在馆 |